[Event "EU Union-ch U10 20th"]
[Site "Mureck"]
[Date "2023.08.08"]
[Round "8"]
[White "Lins, Jakob"]
[Black "Begdullayeva, Karina"]
[Result "1-0"]
[WhiteElo "1304"]
[BlackElo "1078"]
[PlyCount "121"]
[EventDate "2023.08.02"]
[EventType "swiss"]
[EventRounds "9"]
[EventCountry "AUT"]
[SourceTitle "EXT 2024"]
[Source "ChessBase"]
[SourceDate "2023.10.10"]
[SourceVersion "1"]
[SourceVersionDate "2023.10.10"]
[SourceQuality "1"]

1. e4 Nc6 2. d4 e5 3. d5 Nce7 4. c4 Ng6 5. Nc3 Bc5 6. Nf3 Nf6 7. h3 h6 8. a3 a5 9. Bd3 d6 10. 0-0 0-0 11. Re1 Nh5 12. Bb1 Ngf4 13. Bxf4 Nxf4 14. Ne2 Nxh3+ 15. gxh3 Bxh3 16. Ng3 Qf6 17. Bd3 Qg6 18. Kh2 Bxf2 19. Rg1 Bxg1+ 20. Qxg1 Bg4 21. Be2 h5 22. Qg2 Qh7 23. Kg1 h4 24. Nf5 Bxf5 25. exf5 Qxf5 26. Nxh4 Qh7 27. Nf3 f5 28. Rf1 Rf6 29. Kf2 e4 30. Nd4 Qh4+ 31. Kg1 Qh7 32. Kf2 Rg6 33. Qh1 Rh6 34. Qg1 Rh2+ 35. Ke1 Qh6 36. Kd1 Rf8 37. Ne6 Rf7 38. Nd8 Rf6 39. Qa7 b6 40. Qxc7 Qe3 41. Re1 Rg6 42. Qf7+ Kh7 43. Qxf5 Kh6 44. Nf7+ Kh7 45. Nh8 Rhg2 46. Nxg6 Qd4+ 47. Kc1 Qe3+ 48. Kb1 Rxg6 49. Qxg6+ Kxg6 50. Bh5+ Kxh5 51. Rxe3 g5 52. Rxe4 g4 53. Re8 g3 54. Kc2 Kh4 55. b4 axb4 56. axb4 Kh3 57. Re6 g2 58. Rxd6 Kg3 59. Rg6+ Kf2 60. Rxg2+ Kxg2 61. d6 1-0

[Event "EU Union-ch U10 20th"]
[Site "Mureck"]
[Date "2023.08.06"]
[Round "6"]
[White "Begdullayeva, Karina"]
[Black "Classen, Marnin"]
[Result "0-1"]
[WhiteElo "1078"]
[BlackElo "1420"]
[PlyCount "64"]
[EventDate "2023.08.02"]
[EventType "swiss"]
[EventRounds "9"]
[EventCountry "AUT"]
[SourceTitle "EXT 2024"]
[Source "ChessBase"]
[SourceDate "2023.10.10"]
[SourceVersion "1"]
[SourceVersionDate "2023.10.10"]
[SourceQuality "1"]

1. e4 e6 2. d4 d5 3. Nc3 Nf6 4. Bg5 h6 5. Bh4 g5 6. e5 Nfd7 7. Bg3 c5 8. Nf3 Nc6 9. Be2 cxd4 10. Nxd4 Ncxe5 11. Bb5 Ng6 12. Qd3 a6 13. Nxe6 Qe7 14. 0-0 fxe6 15. Bxd7+ Bxd7 16. Qxg6+ Qf7 17. Qd3 Be7 18. f4 Qh7 19. Qe2 0-0 20. f5 Rxf5 21. Rxf5 Qxf5 22. Rf1 Qh7 23. Rf3 Rf8 24. Re3 d4 25. Rd3 dxc3 26. Rxd7 Bc5+ 27. Kh1 Qxd7 28. bxc3 Qf7 29. h4 Qf1+ 30. Qxf1 Rxf1+ 31. Kh2 Ba3 32. hxg5 hxg5 0-1